[Event "Steinfurt Bezirksliga 1819"]
[Site "Germany"]
[Date "2018.09.01"]
[Round "1.2"]
[White "Dehler, Markus"]
[Black "Schmitz, Carolin"]
[Result "1/2-1/2"]
[WhiteElo "1595"]
[BlackElo "1636"]
[PlyCount "21"]
[EventDate "2018.09.01"]
[EventType "team-tourn"]
[EventRounds "10"]
[EventCountry "GER"]
[SourceTitle "EXT 2020"]
[Source "ChessBase"]
[SourceDate "2019.10.17"]
[SourceVersion "1"]
[SourceVersionDate "2019.10.17"]
[SourceQuality "1"]
[WhiteTeam "Steinfurt II"]
[BlackTeam "Steinfurt III"]
[WhiteTeamCountry "GER"]
[BlackTeamCountry "GER"]

1. e4 e5 2. Nf3 Nc6 3. Bb5 Bc5 4. 0-0 d6 5. h3 Bd7 6. d3 h6 7. Re1 Nf6 8. c3 a6 9. Ba4 0-0 10. Nbd2 Ne7 11. Bxd7 1/2-1/2

[Event "Steinfurt Bezirksliga 1718"]
[Site "Germany"]
[Date "2018.01.13"]
[Round "4.4"]
[White "Bloem, Markus"]
[Black "Dehler, Markus"]
[Result "1/2-1/2"]
[WhiteElo "1548"]
[BlackElo "1588"]
[PlyCount "26"]
[EventDate "2017.09.23"]
[EventType "team-tourn"]
[EventRounds "7"]
[EventCountry "GER"]
[SourceTitle "EXT 2019"]
[Source "ChessBase"]
[SourceDate "2018.10.10"]
[SourceVersion "1"]
[SourceVersionDate "2018.10.10"]
[SourceQuality "1"]
[WhiteTeam "Ibbenbueren II"]
[BlackTeam "Steinfurt II"]
[WhiteTeamCountry "GER"]
[BlackTeamCountry "GER"]

1. e4 c5 2. Nf3 d6 3. d4 cxd4 4. Nxd4 Nf6 5. Nc3 a6 6. Be3 Ng4 7. Qd3 Nxe3 8. Qxe3 e6 9. Be2 Be7 10. Nf3 Nd7 11. 0-0 b5 12. e5 d5 13. Nd4 Qc7 1/2-1/2

[Event "Steinfurt Bezirksliga 1516"]
[Site "Germany"]
[Date "2015.09.19"]
[Round "1.7"]
[White "Meier, Josef"]
[Black "Dehler, Markus"]
[Result "1/2-1/2"]
[WhiteElo "1260"]
[BlackElo "1584"]
[PlyCount "29"]
[EventDate "2015.09.19"]
[EventType "team-tourn"]
[EventRounds "9"]
[EventCountry "GER"]
[SourceTitle "EXT 2017"]
[Source "ChessBase"]
[SourceDate "2016.10.25"]
[SourceVersion "1"]
[SourceVersionDate "2016.10.25"]
[SourceQuality "1"]
[WhiteTeam "Steinfurt III"]
[BlackTeam "Steinfurt II"]
[WhiteTeamCountry "GER"]
[BlackTeamCountry "GER"]

1. c3 d5 2. e3 Nf6 3. h3 e5 4. d4 exd4 5. exd4 Be7 6. Nf3 Bf5 7. Bg5 0-0 8. Bd3 Qd7 9. 0-0 Nc6 10. Bb5 Qd8 11. Nbd2 a6 12. Bxc6 bxc6 13. b4 h6 14. Bf4 Nd7 15. Qa4 1/2-1/2

[Event "Steinfurt Bezirksliga 1415"]
[Site "Germany"]
[Date "2015.04.18"]
[Round "8.6"]
[White "Koerbel, Thomas"]
[Black "Dehler, Markus"]
[Result "0-1"]
[WhiteElo "1317"]
[BlackElo "1562"]
[PlyCount "45"]
[EventDate "2014.09.06"]
[EventType "team-tourn"]
[EventRounds "9"]
[EventCountry "GER"]
[SourceTitle "EXT 2016"]
[Source "ChessBase"]
[SourceDate "2015.10.08"]
[SourceVersion "1"]
[SourceVersionDate "2015.10.08"]
[SourceQuality "1"]
[WhiteTeam "Saerbeck II"]
[BlackTeam "Steinfurt II"]
[WhiteTeamCountry "GER"]
[BlackTeamCountry "GER"]

1. e4 c5 2. c3 Nf6 3. e5 Nd5 4. d4 cxd4 5. cxd4 d6 6. Bb5+ Bd7 7. Nc3 Bxb5 8. Nxb5 Qa5+ 9. Nc3 Nxc3 10. Qd2 Nc6 11. bxc3 dxe5 12. d5 Rd8 13. c4 e6 14. Qxa5 Nxa5 15. Rb1 exd5 16. Nf3 f6 17. cxd5 Rxd5 18. Bd2 b6 19. Bxa5 Rxa5 20. 0-0 Rd5 21. Rbc1 Bc5 22. Rfd1 Rxd1+ 23. Rxd1 0-1

[Event "Steinfurt Bezirksliga 1415"]
[Site "Germany"]
[Date "2015.03.14"]
[Round "7.6"]
[White "Dehler, Markus"]
[Black "Peters, Tobias"]
[Result "1/2-1/2"]
[WhiteElo "1562"]
[BlackElo "1541"]
[PlyCount "47"]
[EventDate "2014.09.06"]
[EventType "team-tourn"]
[EventRounds "9"]
[EventCountry "GER"]
[SourceTitle "EXT 2016"]
[Source "ChessBase"]
[SourceDate "2015.10.08"]
[SourceVersion "1"]
[SourceVersionDate "2015.10.08"]
[SourceQuality "1"]
[WhiteTeam "Steinfurt II"]
[BlackTeam "Emsdetten Rochade III"]
[WhiteTeamCountry "GER"]
[BlackTeamCountry "GER"]

1. e4 e5 2. Nf3 Nc6 3. d4 exd4 4. Nxd4 Nf6 5. Nxc6 bxc6 6. Nc3 Bb4 7. Bd2 0-0 8. Bd3 d5 9. exd5 cxd5 10. 0-0 c5 11. b3 Bg4 12. Be2 Be6 13. Bf3 Rc8 14. Nb1 Qa5 15. c3 Ba3 16. Nxa3 Qxa3 17. Bg5 Ne4 18. Bxe4 dxe4 19. Qe2 Rfe8 20. c4 Bf5 21. Rfd1 Qa6 22. Rd2 Qe6 23. Qe3 h6 24. Bh4 1/2-1/2

[Event "Muensterland Verbandsliga 1314"]
[Site "Germany"]
[Date "2014.04.05"]
[Round "8.7"]
[White "Wetter, Ralf"]
[Black "Dehler, Markus"]
[Result "0-1"]
[WhiteElo "1902"]
[BlackElo "1539"]
[PlyCount "54"]
[EventDate "2013.09.07"]
[EventType "team-tourn"]
[EventRounds "9"]
[EventCountry "GER"]
[SourceTitle "EXT 2015"]
[Source "ChessBase"]
[SourceDate "2014.11.20"]
[SourceVersion "1"]
[SourceVersionDate "2014.11.20"]
[SourceQuality "1"]
[WhiteTeam "Heiden"]
[BlackTeam "Steinfurt"]
[WhiteTeamCountry "GER"]
[BlackTeamCountry "GER"]

1. Nf3 d5 2. d3 Nf6 3. g3 c6 4. Bg2 Bg4 5. h3 Bh5 6. g4 Bg6 7. Nh4 e5 8. Nxg6 hxg6 9. 0-0 Nbd7 10. Nd2 Be7 11. c4 Qc7 12. Rb1 e4 13. Re1 e3 14. fxe3 Ne5 15. cxd5 Nexg4 16. Nf1 Bd6 17. Qa4 Bh2+ 18. Nxh2 Qxh2+ 19. Kf1 Qg3 20. Qf4 Nh2+ 21. Kg1 Qxe1+ 22. Kxh2 Qxe2 23. Qe5+ Kf8 24. Kg1 Qe1+ 25. Bf1 Rxh3 26. b3 Kg8 27. dxc6 Rh1+ 0-1

[Event "Steinfurt Bezirksliga 1314"]
[Site "Germany"]
[Date "2013.09.14"]
[Round "1.6"]
[White "Dehler, Markus"]
[Black "Krueler, Andreas"]
[Result "0-1"]
[WhiteElo "1574"]
[BlackElo "1456"]
[PlyCount "36"]
[EventDate "2013.09.14"]
[EventType "team-tourn"]
[EventRounds "9"]
[EventCountry "GER"]
[SourceTitle "EXT 2015"]
[Source "ChessBase"]
[SourceDate "2014.11.20"]
[SourceVersion "1"]
[SourceVersionDate "2014.11.20"]
[SourceQuality "1"]
[WhiteTeam "Steinfurt II"]
[BlackTeam "Steinfurt III"]
[WhiteTeamCountry "GER"]
[BlackTeamCountry "GER"]

1. e4 e5 2. Nf3 Qf6 3. Nc3 c6 4. d4 exd4 5. Nxd4 Bb4 6. Be2 Bxc3+ 7. bxc3 Ne7 8. 0-0 0-0 9. f4 Ng6 10. Qd3 d6 11. Qg3 Nd7 12. f5 Nh8 13. Bf4 Nc5 14. e5 dxe5 15. Bxe5 Qh6 16. Bf4 Qf6 17. Bg5 Ne4 18. Qf4 Nxg5 0-1

[Event "Lingen op 4th"]
[Site "Lingen"]
[Date "2012.07.21"]
[Round "2"]
[White "Dehler, Markus"]
[Black "Gebben, Alwin"]
[Result "1/2-1/2"]
[WhiteElo "1624"]
[BlackElo "1899"]
[PlyCount "133"]
[EventDate "2012.07.20"]
[EventType "swiss"]
[EventRounds "5"]
[EventCountry "GER"]
[SourceTitle "EXT 2013"]
[Source "ChessBase"]
[SourceDate "2012.11.22"]
[SourceVersion "1"]
[SourceVersionDate "2012.11.22"]
[SourceQuality "1"]

1. e4 e6 2. d3 c5 3. Nf3 Nc6 4. Nbd2 g6 5. g3 Bg7 6. Bg2 Nge7 7. 0-0 0-0 8. c3 b5 9. a3 a5 10. Re1 d6 11. Nf1 Rb8 12. Bd2 Qb6 13. Rb1 b4 14. Ne3 Ba6 15. Bf1 Rb7 16. Nc4 Bxc4 17. dxc4 bxa3 18. bxa3 Qxb1 19. Qxb1 Rxb1 20. Rxb1 Rb8 21. Rb5 Nc8 22. a4 N8a7 23. Bd3 Nxb5 24. cxb5 Ne7 25. c4 Ra8 26. Bf4 Nc8 27. Bc2 Bc3 28. Bb3 Kf8 29. e5 Ke7 30. exd6+ Nxd6 31. Ne5 Bxe5 32. Bxe5 f6 33. Bf4 e5 34. Be3 Nb7 35. Bd1 f5 36. h4 Ke6 37. Bg5 Nd6 38. Be2 Ne4 39. Bf3 Ra7 40. Bd8 Kd7 41. b6 Rb7 42. Bxe4 fxe4 43. Bc7 Rxc7 44. bxc7 Kxc7 45. Kf1 Kd6 46. Ke2 Ke6 47. Ke3 Kf5 48. Ke2 e3 49. f3 e4 50. Kxe3 exf3 51. Kxf3 h5 52. g4+ hxg4+ 53. Kg3 Ke4 54. Kxg4 Kd4 55. Kg5 Kxc4 56. Kxg6 Kb3 57. h5 c4 58. h6 c3 59. h7 c2 60. h8Q c1Q 61. Kf5 Qc5+ 62. Ke4 Qb4+ 63. Kd5 Qxa4 64. Qh3+ Kb2 65. Qh2+ Qc2 66. Qxc2+ Kxc2 67. Kc4 1/2-1/2

[Event "Steinfurt Bezirksliga 1112"]
[Site "Germany"]
[Date "2012.06.02"]
[Round "9.5"]
[White "Dehler, Markus"]
[Black "Overmeyer, Juergen"]
[Result "0-1"]
[WhiteElo "1577"]
[BlackElo "1551"]
[PlyCount "56"]
[EventDate "2011.10.01"]
[EventType "team-tourn"]
[EventRounds "9"]
[EventCountry "GER"]
[SourceTitle "EXT 2013"]
[Source "ChessBase"]
[SourceDate "2012.11.22"]
[SourceVersion "1"]
[SourceVersionDate "2012.11.22"]
[SourceQuality "1"]
[WhiteTeam "Steinfurt II"]
[BlackTeam "Emsdetten Rochade III"]
[WhiteTeamCountry "GER"]
[BlackTeamCountry "GER"]

1. e4 c5 2. Nf3 Nc6 3. g3 g6 4. Bg2 Bg7 5. d3 d6 6. c3 e6 7. 0-0 Nge7 8. Na3 a6 9. Nc2 0-0 10. Be3 b6 11. Qd2 Rb8 12. Bh6 Qc7 13. Bxg7 Kxg7 14. d4 Bb7 15. Ne3 cxd4 16. cxd4 Ng8 17. Rac1 Qd7 18. Rfd1 d5 19. exd5 exd5 20. Ne5 Nxe5 21. dxe5 Rfd8 22. Qd4 Qe6 23. Bf3 Ne7 24. Bg4 Nc6 25. Nxd5 Nxd4 26. Bxe6 Ne2+ 27. Kf1 Nxc1 28. Rxc1 Bxd5 0-1

[Event "Steinfurt Bezirksliga 1011"]
[Site "Germany"]
[Date "2011.04.16"]
[Round "8.5"]
[White "Dehler, Markus"]
[Black "Peters, Tobias1111"]
[Result "1/2-1/2"]
[WhiteElo "1559"]
[BlackElo "1393"]
[PlyCount "60"]
[EventDate "2010.10.02"]
[EventType "team-tourn"]
[EventRounds "9"]
[EventCountry "GER"]
[SourceTitle "EXT 2012"]
[Source "ChessBase"]
[SourceDate "2011.11.24"]
[SourceVersion "1"]
[SourceVersionDate "2011.11.24"]
[SourceQuality "1"]
[WhiteTeam "Steinfurt II"]
[BlackTeam "Rheine SG"]
[WhiteTeamCountry "GER"]
[BlackTeamCountry "GER"]

1. e4 e5 2. Nf3 Nc6 3. d4 exd4 4. Bc4 Nf6 5. e5 d5 6. Bb5 Ne4 7. Nxd4 Bd7 8. Bxc6 bxc6 9. Nd2 Qg5 10. Nxe4 Qxe5 11. 0-0 dxe4 12. Re1 Bd6 13. Nf3 Qd5 14. Qe2 f5 15. c4 Qf7 16. Ng5 Qf6 17. f3 Qe5 18. g3 h6 19. Nh3 0-0 20. Nf4 Qc5+ 21. Be3 exf3 22. Qd3 Qb4 23. b3 Rad8 24. a3 Qb7 25. Ng6 Rf6 26. Nf4 Qc8 27. Bd4 Rf7 28. Qxf3 Re8 29. c5 Bxf4 30. Qxf4 Rfe7 1/2-1/2

[Event "Steinfurt Bezirksliga 1011"]
[Site "Germany"]
[Date "2011.02.12"]
[Round "5.6"]
[White "Dehler, Markus"]
[Black "Lachmuth, Mathias"]
[Result "0-1"]
[WhiteElo "1559"]
[BlackElo "1762"]
[PlyCount "66"]
[EventDate "2010.10.02"]
[EventType "team-tourn"]
[EventRounds "9"]
[EventCountry "GER"]
[SourceTitle "EXT 2012"]
[Source "ChessBase"]
[SourceDate "2011.11.24"]
[SourceVersion "1"]
[SourceVersionDate "2011.11.24"]
[SourceQuality "1"]
[WhiteTeam "Steinfurt II"]
[BlackTeam "Emsdetten Rochade II"]
[WhiteTeamCountry "GER"]
[BlackTeamCountry "GER"]

1. e4 d6 2. d4 g6 3. f4 Nf6 4. Nc3 Bg7 5. Nf3 0-0 6. Be2 c5 7. d5 b5 8. e5 dxe5 9. fxe5 Ng4 10. 0-0 Nxe5 11. Nxb5 Nbd7 12. d6 Ba6 13. Bg5 Qb6 14. dxe7 Rfe8 15. Nc3 Bxe2 16. Nxe2 h6 17. Bf4 Rxe7 18. Nc3 Ree8 19. Nd5 Qb7 20. Nc3 Qxb2 21. Ne4 Nxf3+ 22. Qxf3 Qd4+ 23. Nf2 g5 24. Bg3 Qe3 25. Rad1 Qxf3 26. gxf3 Ne5 27. Kg2 Nc4 28. Nd3 Ne3+ 29. Kh3 Rad8 30. Rfe1 Nxd1 31. Rxd1 c4 32. Nf2 Rxd1 33. Nxd1 Re2 0-1

[Event "Steinfurt Bezirksliga 0809"]
[Site "Germany"]
[Date "2009.01.17"]
[Round "5.8"]
[White "Dehler, Markus"]
[Black "Westers, Stefan"]
[Result "1-0"]
[WhiteElo "1552"]
[BlackElo "1156"]
[PlyCount "99"]
[EventDate "2008.09.27"]
[EventType "team-tourn"]
[EventRounds "9"]
[EventCountry "GER"]
[SourceTitle "EXT 2010"]
[Source "ChessBase"]
[SourceDate "2010.11.25"]
[SourceVersion "1"]
[SourceVersionDate "2010.11.25"]
[SourceQuality "1"]
[WhiteTeam "Steinfurt II"]
[BlackTeam "Emsdetten Turm III"]
[WhiteTeamCountry "GER"]
[BlackTeamCountry "GER"]

1. e4 e6 2. d4 d5 3. Nc3 Bb4 4. e5 c5 5. a3 Bxc3+ 6. bxc3 Qa5 7. Bd2 Nc6 8. Nf3 cxd4 9. cxd4 Qc7 10. Bd3 Nge7 11. 0-0 0-0 12. Bxh7+ Kh8 13. Bd3 Nf5 14. c3 a6 15. Ng5 g6 16. Qf3 Kg7 17. g4 Nh6 18. Qf6+ Kg8 19. h3 Qe7 20. Qxe7 Nxe7 21. Nxe6 Bxe6 22. Bxh6 Rfc8 23. Bd2 b5 24. Rfb1 Bd7 25. Kg2 Ra7 26. Kg3 Rb7 27. a4 Rcb8 28. axb5 axb5 29. f4 Nc6 30. Be3 b4 31. cxb4 Nxb4 32. Rd1 Bb5 33. Bxb5 Nc2 34. Bd3 Nxe3 35. Re1 Nc4 36. Rab1 Nb2 37. Bc2 Rb4 38. f5 gxf5 39. Bxf5 Rxd4 40. e6 fxe6 41. Bxe6+ Kf8 42. Re2 Re4 43. Rf2+ Ke7 44. Bxd5 Re3+ 45. Bf3 Reb3 46. h4 Nd3 47. Re2+ Kf8 48. Rxb3 Rxb3 49. Re3 Kg7 50. Bd5 1-0

[Event "Steinfurt Bezirksliga 0708"]
[Site "Germany"]
[Date "2008.02.23"]
[Round "6.2"]
[White "Dehler, Markus"]
[Black "Henschen, Daniel"]
[Result "1/2-1/2"]
[WhiteElo "1614"]
[BlackElo "1700"]
[PlyCount "105"]
[EventDate "2007.09.22"]
[EventType "team-tourn"]
[EventRounds "9"]
[EventCountry "GER"]
[SourceTitle "EXT 2009"]
[Source "ChessBase"]
[SourceDate "2008.11.26"]
[SourceVersion "1"]
[SourceVersionDate "2008.11.26"]
[SourceQuality "1"]
[WhiteTeam "Steinfurt II"]
[BlackTeam "Saerbeck II"]
[WhiteTeamCountry "GER"]
[BlackTeamCountry "GER"]

1. e4 e5 2. Nf3 Nc6 3. d4 exd4 4. Bc4 h6 5. 0-0 d6 6. Nxd4 Ne5 7. Be2 c5 8. Nf3 Nc6 9. Nc3 Be7 10. Bf4 Nf6 11. Qd2 g5 12. Be3 Ng4 13. Nd5 Be6 14. Qc3 Bf6 15. Nxf6+ Qxf6 16. Qxf6 Nxf6 17. Nd2 Nb4 18. c4 Nc2 19. Rad1 Nxe3 20. fxe3 Nd7 21. Nf3 Ke7 22. h3 f6 23. Rd2 g4 24. Nh4 Rhg8 25. hxg4 Ne5 26. Nf5+ Bxf5 27. exf5 Nxg4 28. Bxg4 Rxg4 29. b3 h5 30. Rfd1 Rd8 31. Kh2 a6 32. a4 b5 33. axb5 axb5 34. cxb5 Rb4 35. Rd3 Rxb5 36. Ra1 Rdb8 37. Ra7+ R8b7 38. Ra6 R5b6 39. Rxb6 Rxb6 40. Kg3 Rb4 41. Kf3 Kd7 42. e4 Kc6 43. Ke3 Rb8 44. Kf3 Rd8 45. Kf4 d5 46. e5 fxe5+ 47. Kxe5 Re8+ 48. Kf6 Rf8+ 49. Ke6 c4 50. bxc4 dxc4 51. Rh3 Re8+ 52. Kf7 Re2 53. Rf3 1/2-1/2

[Event "Steinfurt Bezirksliga 0708"]
[Site "Germany"]
[Date "2007.11.10"]
[Round "3.1"]
[White "Dehler, Markus"]
[Black "Lachmuth, Mathias"]
[Result "1/2-1/2"]
[WhiteElo "1614"]
[BlackElo "1748"]
[PlyCount "21"]
[EventDate "2007.09.22"]
[EventType "team-tourn"]
[EventRounds "9"]
[EventCountry "GER"]
[SourceTitle "EXT 2009"]
[Source "ChessBase"]
[SourceDate "2008.11.26"]
[SourceVersion "1"]
[SourceVersionDate "2008.11.26"]
[SourceQuality "1"]
[WhiteTeam "Steinfurt II"]
[BlackTeam "Emsdetten Rochade II"]
[WhiteTeamCountry "GER"]
[BlackTeamCountry "GER"]

1. e4 a6 2. d4 b5 3. Nf3 Bb7 4. Bd3 Nf6 5. Nbd2 e6 6. 0-0 c5 7. c3 Be7 8. e5 Nd5 9. Ne4 cxd4 10. cxd4 d6 11. Qe2 1/2-1/2

[Event "Steinfurt Bezirksliga 0607"]
[Site "Germany"]
[Date "2007.04.28"]
[Round "9.2"]
[White "Rogowski, Friedrich"]
[Black "Dehler, Markus"]
[Result "1/2-1/2"]
[WhiteElo "1684"]
[BlackElo "1612"]
[PlyCount "49"]
[EventDate "2006.09.09"]
[EventType "team-tourn"]
[EventRounds "9"]
[EventCountry "GER"]
[SourceTitle "EXT 2008"]
[Source "ChessBase"]
[SourceDate "2007.11.25"]
[SourceVersion "1"]
[SourceVersionDate "2007.11.25"]
[SourceQuality "1"]
[WhiteTeam "Saerbeck II"]
[BlackTeam "Steinfurt II"]
[WhiteTeamCountry "GER"]
[BlackTeamCountry "GER"]

1. e4 c5 2. Nf3 d6 3. Bb5+ Nd7 4. 0-0 Ngf6 5. Re1 a6 6. Bf1 Qc7 7. c3 g6 8. d4 cxd4 9. cxd4 Bg7 10. Nc3 e6 11. Bg5 b5 12. Rc1 Qb6 13. Qd2 Bb7 14. Bd3 0-0 15. Bh6 e5 16. Bxg7 Kxg7 17. dxe5 dxe5 18. b4 Qd6 19. a3 Rfd8 20. Qe2 Nf8 21. Red1 Qe7 22. Bb1 Ne6 23. Nd5 Nxd5 24. exd5 Nf4 25. Qe3 1/2-1/2

[Event "Steinfurt Bezirksliga 0607"]
[Site "Germany"]
[Date "2007.03.03"]
[Round "7.4"]
[White "Hillen, Thomas"]
[Black "Dehler, Markus"]
[Result "0-1"]
[WhiteElo "1497"]
[BlackElo "1612"]
[PlyCount "48"]
[EventDate "2006.09.09"]
[EventType "team-tourn"]
[EventRounds "9"]
[EventCountry "GER"]
[SourceTitle "EXT 2008"]
[Source "ChessBase"]
[SourceDate "2007.11.25"]
[SourceVersion "1"]
[SourceVersionDate "2007.11.25"]
[SourceQuality "1"]
[WhiteTeam "Emsdetten Rochade II"]
[BlackTeam "Steinfurt II"]
[WhiteTeamCountry "GER"]
[BlackTeamCountry "GER"]

1. Nf3 c6 2. c4 d5 3. cxd5 cxd5 4. Nc3 Nf6 5. d4 Nc6 6. g3 Bg4 7. Ne5 Bd7 8. Nxd7 Qxd7 9. Bg2 e6 10. 0-0 Be7 11. a3 Rc8 12. Re1 0-0 13. e3 Na5 14. Qa4 Qxa4 15. Nxa4 Nb3 16. Rb1 Rc4 17. Nc3 Rfc8 18. Bf1 R4c6 19. f3 Bxa3 20. Nb5 Bb4 21. Nc3 Bxc3 22. bxc3 Rxc3 23. Bb2 R3c7 24. Bd3 Nd2 0-1

[Event "Steinfurt Bezirksliga 0607"]
[Site "Germany"]
[Date "2007.02.03"]
[Round "6.3"]
[White "Dehler, Markus"]
[Black "Wilde, Juergen"]
[Result "0-1"]
[WhiteElo "1612"]
[BlackElo "1520"]
[PlyCount "48"]
[EventDate "2006.09.09"]
[EventType "team-tourn"]
[EventRounds "9"]
[EventCountry "GER"]
[SourceTitle "EXT 2008"]
[Source "ChessBase"]
[SourceDate "2007.11.25"]
[SourceVersion "1"]
[SourceVersionDate "2007.11.25"]
[SourceQuality "1"]
[WhiteTeam "Steinfurt II"]
[BlackTeam "Rheine Klein Berlin II"]
[WhiteTeamCountry "GER"]
[BlackTeamCountry "GER"]

1. e4 c5 2. d3 Nc6 3. g3 g6 4. Bg2 Bg7 5. f4 d6 6. Nf3 Bg4 7. c3 Nf6 8. 0-0 Qd7 9. Na3 Bh3 10. Nc2 Bxg2 11. Kxg2 h5 12. h4 Ng4 13. d4 cxd4 14. cxd4 e6 15. Qe2 d5 16. Ne5 Ncxe5 17. fxe5 0-0 18. Bd2 Rac8 19. Rac1 Qa4 20. Bb4 Rfd8 21. a3 a5 22. Bc5 Qb3 23. Rf3 Qxb2 24. Qd1 dxe4 0-1

[Event "Muensterland Verbandsklasse-B 0506"]
[Site "Germany"]
[Date "2006.05.06"]
[Round "9.7"]
[White "Zoern, Friedrich"]
[Black "Dehler, Markus"]
[Result "1/2-1/2"]
[WhiteElo "1780"]
[BlackElo "1612"]
[PlyCount "35"]
[EventDate "2005.09.03"]
[EventType "team"]
[EventRounds "9"]
[EventCountry "GER"]
[SourceTitle "EXT 2006"]
[Source "ChessBase"]
[SourceDate "2005.11.24"]
[SourceVersion "1"]
[SourceVersionDate "2005.11.24"]
[SourceQuality "1"]
[WhiteTeam "Muenster III"]
[BlackTeam "Steinfurt"]
[WhiteTeamCountry "GER"]
[BlackTeamCountry "GER"]

1. e4 c5 2. b3 Nc6 3. Bb2 d6 4. Nf3 Nf6 5. Nc3 Bg4 6. Be2 e5 7. 0-0 Be7 8. d3 Be6 9. Ng5 Bd7 10. f4 h6 11. Nf3 exf4 12. d4 a6 13. dxc5 dxc5 14. Qd2 Bg4 15. Qxf4 Bd6 16. e5 Bc7 17. Rad1 Qb8 18. Rfe1 1/2-1/2

[Event "Muensterland Verbandsklasse-B 0405"]
[Site "Muensterland"]
[Date "2005.03.19"]
[Round "8.7"]
[White "Ebert, Bernd"]
[Black "Dehler, Markus"]
[Result "1/2-1/2"]
[WhiteElo "1910"]
[BlackElo "1637"]
[PlyCount "27"]
[EventDate "2004.09.11"]
[EventType "team"]
[EventRounds "9"]
[EventCountry "GER"]
[SourceTitle "EXT 2006"]
[Source "ChessBase"]
[SourceDate "2005.11.24"]
[SourceVersion "1"]
[SourceVersionDate "2005.11.24"]
[SourceQuality "1"]
[WhiteTeam "Telgte"]
[BlackTeam "Steinfurt"]
[WhiteTeamCountry "GER"]
[BlackTeamCountry "GER"]

1. c4 c6 2. Nc3 d5 3. e3 Nf6 4. d4 e6 5. Nf3 Nbd7 6. Bd3 dxc4 7. Bxc4 b5 8. Bd3 a6 9. 0-0 Be7 10. Qc2 c5 11. Be4 Nxe4 12. Nxe4 c4 13. Ng3 Bb7 14. e4 1/2-1/2

[Event "Muensterland Verbandsklasse-B 0405"]
[Site "Muensterland"]
[Date "2005.01.22"]
[Round "5.8"]
[White "Schley, Alfred"]
[Black "Dehler, Markus"]
[Result "1/2-1/2"]
[WhiteElo "1764"]
[BlackElo "1637"]
[PlyCount "85"]
[EventDate "2004.09.11"]
[EventType "team"]
[EventRounds "9"]
[EventCountry "GER"]
[SourceTitle "EXT 2006"]
[Source "ChessBase"]
[SourceDate "2005.11.24"]
[SourceVersion "1"]
[SourceVersionDate "2005.11.24"]
[SourceQuality "1"]
[WhiteTeam "Stadtlohn"]
[BlackTeam "Steinfurt"]
[WhiteTeamCountry "GER"]
[BlackTeamCountry "GER"]

1. e4 c5 2. d4 cxd4 3. c3 Nf6 4. e5 Nd5 5. cxd4 e6 6. Nf3 Nc6 7. Bc4 Nb6 8. Bb3 d6 9. 0-0 Be7 10. Nc3 d5 11. Be3 a6 12. Rc1 Bd7 13. Ne2 Na5 14. Nd2 Bb5 15. f4 Nxb3 16. axb3 f5 17. Rf3 Rc8 18. Nc3 Bc6 19. Rg3 g6 20. Nf3 Kd7 21. Ng5 Qe8 22. Na4 Nxa4 23. bxa4 h6 24. Nf3 Kc7 25. Bd2 Kb8 26. Ra1 Rg8 27. b4 b5 28. a5 Bb7 29. Rc1 Rc4 30. Rxc4 dxc4 31. Bc3 Qd8 32. Rh3 Rh8 33. Qe1 g5 34. fxg5 hxg5 35. Rxh8 Qxh8 36. Nd2 Qh5 37. Nf1 f4 38. Qf2 Bd5 39. h3 Qg6 40. Nh2 Qb1+ 41. Qe1 Qf5 42. Qf2 Kc7 43. Ng4 1/2-1/2